000 00297nam a2200121Ia 4500
008 191201s2010 xx 000 0 und d
100 _aNARULA, SS
245 0 _aInnovative Strategies for Value Creation
260 _aN. Delhi
_bG K Publishers
_c2010
300 _a203
650 _aBBA
942 _2ddc
_cBK
999 _c72
_d72